Business as usual and nuclear power joint IEA/NEA meeting. Paris, France 14-15 October 1999
Salvato in:
| Natura: | Libro |
|---|---|
| Lingua: | inglese |
| Pubblicazione: |
Paris
OECD
2000
|
| Serie: | OECD Proceedings
|
| Soggetti: | |
| Tags: |
Nessun Tag, puoi essere il primo ad aggiungerne!!
|
MARC
| LEADER | 00000nam a2200000 4500 | ||
|---|---|---|---|
| 001 | c121997 | ||
| 005 | 20221108082722.5 | ||
| 020 | |a 92-64-17175-4 | ||
| 041 | 0 | |a eng | |
| 044 | |a FR | ||
| 245 | 1 | 0 | |a Business as usual and nuclear power |b joint IEA/NEA meeting. Paris, France 14-15 October 1999 |
| 264 | 1 | |a Paris |b OECD |c 2000 | |
| 300 | |a 162 s. | ||
| 490 | 1 | |a OECD Proceedings | |
| 830 | 0 | |a OECD Proceedings | |
| 610 | 2 | 0 | |a podnikanie |
| 610 | 2 | 0 | |a energia atómová |
| 610 | 2 | 0 | |a environmentalistika |
| 610 | 2 | 0 | |a elektrárne atómové |
| 610 | 2 | 0 | |a elektrina |
| 610 | 2 | 0 | |a liberalizácia |
| 610 | 2 | 0 | |a politika environmentálna |